Bioética y deontología médica (Registro nro. 5253)
[ vista simple ]
| 000 -CABECERA | |
|---|---|
| campo de control de longitud fija | 00809aam a2200277 4500 |
| 005 - FECHA Y HORA DE ACTUALIZACIÓN | |
| campo de control | 20170127141136.0 |
| 008 - LONGITUD FIJA | |
| campo de control de longitud fija | 150508b xxu||||| |||| 00| 0 spa d |
| 041 ## - IDIOMA | |
| Código de idioma del texto/pista de sonido o título separado | |
| 082 ## - CLASIFICACIÓN DECIMAL DEWEY | |
| Número de clasificación | 174.2 V297b |
| 100 ## - AUTOR PERSONAL | |
| Nombre de persona | Vargas Alvarado, Eduardo |
| 245 ## - TÍTULO PROPIAMENTE DICHO | |
| Título | Bioética y deontología médica |
| 260 ## - PIE DE IMPRENTA | |
| Lugar de publicación, distribución, etc. | México |
| Nombre del editor, distribuidor, etc. | Trillas |
| Fecha de publicación, distribución, etc. | 2009 |
| 300 ## - DESCRIPCIÓN FÍSICA | |
| Extensión | 152 páginas |
| 650 ## - Materia General | |
| Materia general | ÉTICA MÉDICA |
| 650 ## - Materia General | |
| Materia general | DEONTOLOGÍA |
| 650 ## - Materia General | |
| Materia general | MORAL |
| 650 ## - Materia General | |
| Materia general | HISTORIA CLÍNICA |
| 650 ## - Materia General | |
| Materia general | DERECHO DEL ENFERMO |
| 650 ## - Materia General | |
| Materia general | SECRETO PROFESIONAL |
| 650 ## - Materia General | |
| Materia general | INSEMINACIÓN ARTIFICIAL |
| 650 ## - Materia General | |
| Materia general | TRASPLANTE DE ORGANOS |
| 650 ## - Materia General | |
| Materia general | PACIENTE TERMINAL |
| 650 ## - Materia General | |
| Materia general | SINDICALISMO MEDICO |
| 650 ## - Materia General | |
| Materia general | HUELGA MÉDICA |
| 942 ## - Punto de Acceso Adicional Koha | |
| Tipo de ítem Koha | Libro |
| Estado perdido | Estado dañado | No para préstamo | Biblioteca permanente | Biblioteca actual | Signatura completa | Código de barras | Precio efectivo a partir del | Tipo de ítem |
|---|---|---|---|---|---|---|---|---|
| Departamento de Biblioteca y Documentación Alfonso Chase Brenes | Departamento de Biblioteca y Documentación Alfonso Chase Brenes | 174.2 V297b | 14261 | 27/01/2017 | Libro | |||
| Departamento de Biblioteca y Documentación Alfonso Chase Brenes | Departamento de Biblioteca y Documentación Alfonso Chase Brenes | 174.2 V297b | 15071 | 27/01/2017 | Libro | |||
| Departamento de Biblioteca y Documentación Alfonso Chase Brenes | Departamento de Biblioteca y Documentación Alfonso Chase Brenes | 174.2 V297b | 15072 | 27/01/2017 | Libro | |||
| Departamento de Biblioteca y Documentación Alfonso Chase Brenes | Departamento de Biblioteca y Documentación Alfonso Chase Brenes | 174.2 V297b | 17923 | 27/01/2017 | Libro |